| 000 -LEADER | |
|---|---|
| fixed length control field | 00443nam a22001697a 4500 |
| 005 - DATE AND TIME OF LATEST TRANSACTION | |
| control field | 20160615152014.0 |
| 008 - FIXED-LENGTH DATA ELEMENTS--GENERAL INFORMATION | |
| fixed length control field | 160615b xxu||||| |||| 00| 0 eng d |
| 020 ## - INTERNATIONAL STANDARD BOOK NUMBER | |
| ISBN | 978-81-259-4965-7 |
| 041 ## - LANGUAGE CODE | |
| Language code of text/sound track or separate title | eng |
| 082 ## - DEWEY DECIMAL CLASSIFICATION NUMBER | |
| Item number | 7828 |
| 100 ## - MAIN ENTRY--AUTHOR NAME | |
| Personal name | Gowri, S&Jeyapoovan |
| 245 ## - TITLE STATEMENT | |
| Title | Engineering Practices Lab Manual |
| 260 ## - PUBLICATION, DISTRIBUTION, ETC. (IMPRINT) | |
| Place of publication | New Delhi |
| Name of publisher | Vikas Publishing House (P) Ltd. |
| 300 ## - PHYSICAL DESCRIPTION | |
| Number of Pages | EC-60 |
| 650 ## - SUBJECT ADDED ENTRY--TOPICAL TERM | |
| Topical Term | DIPLOMA ENGINEERING |
| 942 ## - ADDED ENTRY ELEMENTS (KOHA) | |
| Koha item type | Books |
| Lost status | Damaged status | Home library | Current library | Shelving location | Date acquired | Cost, normal purchase price | Full call number | Accession Number | Koha item type | Collection code |
|---|---|---|---|---|---|---|---|---|---|---|
| JRU Library | SHELF-37-L | 15/06/2016 | 340.00 | 7828 | 7828 | Books | ||||
| JRU Library | SHELF-37-L | 15/06/2016 | 340.00 | 7828 | 7829 | Books | ||||
| JRU Library | SHELF-37-L | 15/06/2016 | 340.00 | 7828 | 7830 | Books | ||||
| JRU Library | SHELF-72-B | 15/06/2016 | 340.00 | 7828 | 7831 | Books | Reference |